logo

Bir Sreshtho Munshi Abdur Rouf Library
Jhenaidah Cadet College

Magic, myth, and medicine / (Record no. 6737)

MARC details
000 -LEADER
fixed length control field 00645nam a2200241 a 4500
001 - CONTROL NUMBER
JCCL Control Number 6737
003 - CONTROL NUMBER IDENTIFIER
JCCL marc code BD-JhCC
005 - DATE AND TIME OF LATEST TRANSACTION
control field 20180129110349.0
008 - FIXED-LENGTH DATA ELEMENTS--GENERAL INFORMATION
fixed length control field 180129s1956 enk 001 0 eng d
035 ## - SYSTEM CONTROL NUMBER
system control number (BD-JhCC)6737
035 ## - SYSTEM CONTROL NUMBER
system control number 2513578
040 ## - CATALOGING SOURCE
Original cataloging agency BD-JhCC
Transcribing agency ANL
Modifying agency BD-JhCC
041 ## - LANGUAGE CODE
Language code of Book eng
082 04 - DEWEY DECIMAL CLASSIFICATION NUMBER
Classification number 610/.9
Author mark and Year ATK 1956
100 1# - MAIN ENTRY--PERSONAL NAME
Personal name Atkinson, Donald Taylor,
Dates associated with a name 1874-1959.
245 10 - TITLE STATEMENT
Title Magic, myth, and medicine /
Statement of responsibility, etc Foreword by Max Thorek.
260 ## - PUBLICATION, DISTRIBUTION, ETC. (IMPRINT)
Place of publication, distribution, etc Cleveland :
Name of publisher, distributor, etc World Pub. Co.,
Date of publication, distribution, etc [1956].
300 ## - PHYSICAL DESCRIPTION
Pagination 240 p. :.
Dimensions 20 cm.
504 ## - BIBLIOGRAPHY, ETC. NOTE
Bibliography, etc Includes Index
650 #0 - SUBJECT ADDED ENTRY--TOPICAL TERM
Topical term or geographic name as entry element Medicine
General subdivision History.
942 ## - ADDED ENTRY ELEMENTS (KOHA)
Source of classification or shelving scheme Dewey Decimal Classification
Koha item type Books
Holdings
Source of classification or shelving scheme Damaged status Not for loan Home library Current library Shelving location Date of accession Total Checkouts Full call number Barcode Date last seen Copy number Koha item type
Dewey Decimal Classification     JCC Rouf Library JCC Rouf Library General Stacks 01/29/2018   610/.9 ATK 1956 9269 01/29/2018 C - 1 Books

JCC Library | Contacts | JCC Home

Last Update on 23 September 2017
Copyright @ 2017-2020 JCC Rouf Library
Rouf Library, Jhenidah Cadet College (JCC), Bangladesh